| 000 | 00354 a2200169 4500 | ||
|---|---|---|---|
| 001 | 73156 | ||
| 020 | _a8526240730 | ||
| 040 | _cAnchieta - Colégio São Paulo | ||
| 100 | _aSchmidt, Dora | ||
| 240 | 1 | 0 |
_aHistoriar _lpor |
| 245 | 1 | 0 | _aHistoriar |
| 300 | _a224 | ||
| 362 | 0 | _a2002 | |
| 440 | 1 | _aScipione | |
| 650 | 4 | _aHistória do mundo | |
| 942 | _cBK | ||
| 999 |
_c73156 _d73156 |
||